| 000 | 00459nam a2200133Ia 4500 | ||
|---|---|---|---|
| 008 | 170221s9999 xx 000 0 und d | ||
| 100 | _aChuanwen Luo | ||
| 245 | 2 | _aA Novel Discrete Bacterial Foraging Algorithm and Its Application | |
| 245 | _cChuanwen Luo, Xiaowei Yin, and Chundi Ni | ||
| 260 | _bJournal of Communications | ||
| 650 | _xCommunication | ||
| 650 | _xMedia Arts | ||
| 856 | _uhttp://www.jocm.us/index.php?m=content&c=index&a=lists&catid=145 | ||
| 999 |
_c312649 _d312649 |
||